000 00475ntaaa2200193 4500
003 01
005 20251027200802.0
008 0714s1973 ag 01
040 _aAR-BaBN
_bspa
_cAR-BaBN
_eaacr
_dRIC
082 _a784.624 H73
100 _aHolmes, Agnes Kennedy
245 _aSongs children sing /
_cAgnes Kennedy Holmes
250 _a1 ed.
260 _as/l :
_bBroadman Press,
_c1943
300 _a88 p
650 _aMusica
650 _aMusica para niƱos
942 _cBK
999 _c2044
_d2044